The tabernacle in the wilderness. (Record no. 2511)

000 -LEADER
fixed length control field 00694nam a2200205 a 4500
001 - CONTROL NUMBER
control field :::00000236$&:&@@
003 - CONTROL NUMBER IDENTIFIER
control field OkBaRHE
005 - DATE AND TIME OF LATEST TRANSACTION
control field 20010405105136.0
008 - FIXED-LENGTH DATA ELEMENTS--GENERAL INFORMATION
fixed length control field s1955 j 000 0 eng u
040 ## - CATALOGING SOURCE
Transcribing agency
100 1# - MAIN ENTRY--PERSONAL NAME
Personal name Fuller, Charles E.
245 14 - TITLE STATEMENT
Title The tabernacle in the wilderness.
260 ## - PUBLICATION, DISTRIBUTION, ETC. (IMPRINT)
Place of publication, distribution, etc Westwood, NJ., :
Name of publisher, distributor, etc Fleming H. Revell Co.
Date of publication, distribution, etc c1955
300 ## - PHYSICAL DESCRIPTION
Extent 96 p. ;
Dimensions 19 cm.
650 ## - SUBJECT ADDED ENTRY--TOPICAL TERM
Topical term or geographic name as entry element Sermons, American
650 ## - SUBJECT ADDED ENTRY--TOPICAL TERM
Topical term or geographic name as entry element Tabernacle
942 ## - ADDED ENTRY ELEMENTS (KOHA)
Source of classification or shelving scheme
Koha item type Books
Copies
Shelving location Not for loan Date last seen Koha item type Copy number Source of classification or shelving scheme Barcode Price effective from Lost status Date acquired Damaged status Full call number Withdrawn status Permanent Location
General Stacks 2011-01-04Books1 2362010-04-14 2010-04-14 BM 654 .F78 RHEMA Bible Training College
General Stacks 2010-04-14Books2 194152010-04-14 2010-04-14 BM 654 .F78 RHEMA Bible Training College